BIBLIOTHÈQUE DE LA MAISON DU MEXIQUE

Logo 1 Logo 2

Las llaves de Urgell (notice nᵒ 9195)

détails MARC
000 -Sello discográfico
campo de control de longitud fija 00779nam a2200277 4500
005 - Identificación de versión
campo de control 20251017062756.0
035 ## - Otros números de control del sistema
Número de control del sistema 9310
099 ## - fechas locales
Tipo de ítem Koha LIBRO
100 ## - Datos de procesamiento general
Datos de procesamiento general 20030707d1970 m y1spay5003 ba
105 ## - Campo de datos codificados: Material textual, monográfico
Datos codificados de monografía y 001ay
200 1# - Título y mención de responsabilidad
Título propio Las llaves de Urgell
Designación general del material texto impreso
Primer mención de responsabilidad Carlos Montemayor
205 ## - Declaración de edición
Declaración de edición 1a ed
210 ## - Publicación, distribución, etc.
Lugar de publicación, distribución, etc. México
Nombre del editor, distribuidor, etc. Siglo Veintiuno Editores
Fecha de publicación, distribución, etc. 1970
215 ## - Descripción física
Designación de material específico y extensión del ítem 147 p
Dimensiones 18 cm
345 ## - Nota de información de adquisición
Fuente de adquisición/dirección de la suscripción [OBSOLETO] Donación
410 #1 - Series
Título La creación literaria
606 ## - Término temático usado como materia
Elemento de entrada Cuentos mexicanos
Subdivisión cronológica Siglo XX
Número Koha 81
700 ## - Nombre personal - Responsabilidad primaria
Elemento de entrada Montemayor Romo de Vivar
Parte del nombre distinta del elemento de entrada Carlos
Fechas 1947-2010
Número Koha 646
801 #0 - Fuente de origen
Agencia cm
900 ## -
-- 1/3717
900 ## -
-- 7100315464\070703
942 ## - ELEMENTOS DE ENTRADA SECUNDARIOS (KOHA)
Tipo de ítem Koha Livre
996 ## -
-- MEX
-- 751145101
-- MMAG
-- 010202
-- 863.4 M777LL
-- 20240417LIV
Exemplaires
Estatus retirado Estado de daño Estado de pérdida Fecha de adquisición Biblioteca de origen Biblioteca actual Ubicación en estantería Código de barras Precio de reemplazo Signatura topográfica completa No para préstamo Tipo de ítem Koha Nota pública Nota no pública
      05/08/2025 Casa México Paris Casa México Paris   010202 05/08/2025 863.4 M777LL   Livre 20240417LIV 751145101